• 首页
  • 本馆介绍
  • 公告通知
  • 最新文献
  • 馆藏检索
  • 电子资源
  • 读者导购
  • 参考咨询
  • 我的图书馆
  • 登录
  • 详细信息显示
  • 放入我的书架
  • 预约/预借图书
  • 作者相关作品
  • 分类相关作品
  • 丛书相关作品
  • 出版社相关作品

书目信息

  • 表格格式
  • 工作单格式
  • 卡片格式
题名:
武汉史话
    
 
作者: 皮明庥 , 郑自来 著
分册:  
出版信息: 北京   社会科学文献出版社  2011.12
页数: 151页
开本: 21cm
丛书名: 中国史话
单 册:
中图分类: K296.31
科图分类:
主题词: 地方史
电子资源:
ISBN: 978-7-5097-2718-8
000 01045oam2 2200325 450
001 010010089370
005 20120619161024.68
010    @a978-7-5097-2718-8@dCNY15.00
100    @a20120105d2011 em y0chiy0110 ea
101 0  @achi
102    @aCN@b110000
105    @aa z 000yy
106    @ar
200 1  @a武汉史话@9wu han shi hua@dA brief history of Wuhan@f皮明庥,郑自来著@zeng
210    @a北京@c社会科学文献出版社@d2011.12
215    @a151页@c照片@d21cm
225 2  @a中国史话@i近代区域文化系列
300    @a“十二五”国家重点出版规划项目
308    @a总丛编序号:194
330    @a本书将武汉百年来艰难曲折的发展轨迹,浓缩于一书中。从鸦片战争以前直至国民党统治覆灭,武汉城获得新生。
462  0 @12001 @a近代区域文化系列
510 1  @aBrief history of Wuhan@zeng
606 0  @a地方史
607    @a武汉@x地方史
607    @a武汉
690    @aK296.31@v4
701  0 @a皮明庥@9pi ming xiu@f(1931~)@4著
701  0 @a郑自来@9zheng zi lai@c(编辑)@4著
801  0 @aCN@bNLC@c20120222
905    @b539974-78@dK296.31@e186@f5
    
    武汉史话=A brief history of Wuhan/皮明庥,郑自来著.-北京:社会科学文献出版社,2011.12
    151页:照片;21cm.-(中国史话.近代区域文化系列)
    “十二五”国家重点出版规划项目
    
    ISBN 978-7-5097-2718-8:CNY15.00
    本书将武汉百年来艰难曲折的发展轨迹,浓缩于一书中。从鸦片战争以前直至国民党统治覆灭,武汉城获得新生。
●
相关链接 在E读中查询图书 在五车中查询图书 在当当中查询图书 在豆瓣中查询图书


正题名:武汉史话     索取号:K296.31/186         预约/预借

序号 登录号 条形码 馆藏地/架位号 状态 备注
1 539974   205399745   第二样本阅览室/ [索取号:K296.31/186] 在馆    
2 539975   205399754   第二借阅区/ [索取号:K296.31/186] 在馆    
3 539976   205399763   第二借阅区/ [索取号:K296.31/186] 在馆    
4 539977   205399772   第二借阅区/ [索取号:K296.31/186] 在馆    
5 539978   205399781   密集书库-史法系/ [索取号:K296.31/186] 在馆    
唐山师范学院图书馆 欢迎您!
大连网信软件有限公司© 版权所有